I believe / (Record no. 1185)
[ view plain ]
| 000 -LEADER | |
|---|---|
| fixed length control field | 01060nam a22002297a 4500 |
| 001 - CONTROL NUMBER | |
| control field | 1185 |
| 003 - CONTROL NUMBER IDENTIFIER | |
| rucl marc code | BD-RjUL |
| 005 - DATE AND TIME OF LATEST TRANSACTION | |
| control field | 20211208233305.0 |
| 008 - FIXED-LENGTH DATA ELEMENTS--GENERAL INFORMATION | |
| fixed length control field | 131124r19521940e oa||| |||| 000 0 eng d |
| 035 ## - SYSTEM CONTROL NUMBER | |
| System control number | (BD-RjUL)1207 |
| 040 ## - CATALOGING SOURCE | |
| Original cataloging agency | BD-RjUL |
| Language of cataloging | eng |
| Transcribing agency | BD-RjUL |
| 041 ## - LANGUAGE CODE | |
| Language code of text/sound track or separate title | eng |
| 082 ## - DEWEY DECIMAL CLASSIFICATION NUMBER | |
| Classification number | 190 |
| Author mark and year | IBE 1952 |
| 245 10 - TITLE STATEMENT | |
| Title | I believe / |
| Statement of responsibility, etc. | by W.H. Auden ... [et al.]. |
| 260 ## - PUBLICATION, DISTRIBUTION, ETC. (IMPRINT) | |
| Place of publication, distribution, etc. | London : |
| Name of publisher, distributor, etc. | George Allen & Unwin; |
| Date of publication, distribution, etc. | 1940 [impression 1952, 62]. |
| 300 ## - PHYSICAL DESCRIPTION | |
| Pagination | 390 p., [23] leaves of plates : |
| Illustrations | ports. ; |
| Size | 22 cm. |
| 500 ## - GENERAL NOTE | |
| General note | Contents : W.H. Auden -- Pearl Buck -- Stuart Chase -- Albert Einstein -- Havelock Ellis -- E.M. Forster -- J.B.S. Haldane -- Lancelot Hogben -- Julian Huxley -- Sir Arthur Keith -- Harold J. Laski -- Lin Yutang -- Emil Ludwig -- Thomas Mann -- Jacques Maritain -- Jules Romains -- Bertrand Russell -- John Strachey -- James Thurber -- Hendrik Willem Van Loon -- Beatrice Webb -- H.G. Wells -- Rebecca West. |
| 650 #0 - SUBJECT ADDED ENTRY--TOPICAL TERM | |
| Topical term or geographic name as entry element | Philosophy |
| Form subdivision | Modern. |
| 9 (RLIN) | 3506 |
| 700 1# - ADDED ENTRY--PERSONAL NAME | |
| Personal name | Auden, W. H. |
| Personal name | H G Wells; et al |
| 942 ## - ADDED ENTRY ELEMENTS (KOHA) | |
| Source of classification or shelving scheme | Dewey Decimal Classification |
| Koha item type | Books |
| Lost status | Source of classification or shelving scheme | Damaged status | Not for loan | Collection code | Permanent Location | Current Location | Shelving location | Date acquired | Source of acquisition | Cost, normal purchase price | Total Checkouts | Full call number | Date last seen | Copy number | Koha item type |
|---|---|---|---|---|---|---|---|---|---|---|---|---|---|---|---|
| Dewey Decimal Classification | Not For Loan | Non-fiction | Central Library, University of Rajshahi | Central Library, University of Rajshahi | Reading Room | 10/09/1955 | B.H.Blackwell | 15.00 | 190 IBE 1952 | 24/11/2013 | C-1 | Books | |||
| Dewey Decimal Classification | Non-fiction | Central Library, University of Rajshahi | Central Library, University of Rajshahi | 02/09/1969 | Zeitlinger. | 25.00 | 190 IBE 1962 | 30/03/2014 | C-3 | Books | |||||
| Dewey Decimal Classification | Non-fiction | Central Library, University of Rajshahi | Central Library, University of Rajshahi | 14/05/1968 | Zeitlinger | 25.00 | 190 IBE 1952 | 21/04/2014 | C-4 | Books |